000 00306nam a22001217a 4500
020 _a9781107038189
082 _a320.5570
100 _aIqbal Singh Sevea
245 _aThe Political Philosophy of Muhammad Iqbal
260 _aNew delhi
_bCambridge university press
_c2012.
300 _a234p
942 _cBK
999 _c2675
_d2675